[Event "Staufer op 25th"]
[Site "Schwaebisch Gmuend"]
[Date "2013.01.02"]
[Round "2"]
[White "Bartonicek, Zdenek"]
[Black "Manakov, Ilya"]
[Result "0-1"]
[WhiteElo "2042"]
[BlackElo "2345"]
[PlyCount "52"]
[EventDate "2013.01.02"]
[EventType "swiss"]
[EventRounds "9"]
[EventCountry "GER"]
[SourceTitle "CBM 152 Extra"]
[Source "ChessBase"]
[SourceDate "2013.02.25"]
[SourceVersion "1"]
[SourceVersionDate "2013.02.25"]
[SourceQuality "1"]

1. Nf3 f5 2. d4 Nf6 3. g3 g6 4. Bg2 Bg7 5. 0-0 0-0 6. c4 d6 7. Nc3 Nc6 8. Rb1 e5 9. d5 Ne7 10. c5 h6 11. cxd6 cxd6 12. Qb3 Kh8 13. Rd1 g5 14. Bd2 f4 15. Be1 Nf5 16. Kh1 g4 17. Nh4 Nxh4 18. gxh4 Bf5 19. Rbc1 Nh5 20. Nb5 Rf7 21. f3 g3 22. hxg3 fxg3 23. Qb4 e4 24. Qxd6 Qxh4+ 25. Kg1 Qh2+ 26. Kf1 Bh3 0-1